| 000 | 00699nam a2200217Ia 4500 | ||
|---|---|---|---|
| 003 | GCL | ||
| 008 | 140319s9999 xx 000 0 ara d | ||
| 040 |
_aGCL / _cGCL |
||
| 082 | 0 | 4 |
_aم _b090 _bن ف |
| 100 | 1 | _aثروت عكاشة | |
| 245 | 1 | 0 |
_aالفهرس الوضعى: للمخطوطات الفارسية المزينة بالصور / _cثروت عكاشة |
| 700 | 1 | _aنصرالله مبشر الطرازى | |
| 260 |
_a[S.N] : _bمطبعة دار الكتب ، _c1986 |
||
| 300 | _a172 ص | ||
| 490 |
_aدراسة فى ازمة الخليج _v0 |
||
| 650 | 0 | 4 | _aالمخطوطات |
| 650 | 0 | 4 | _aالفرس |
| 650 | 0 | 4 | _aالزخرفة |
| 650 | 0 | 4 | _aالتصوير |
| 942 |
_2ddc _cREF |
||
| 999 |
_c59279 _d59279 |
||